Empowering Science Class IX (Record no. 1593)

MARC details
000 -LEADER
fixed length control field 00230nam a22000857a 4500
008 - FIXED-LENGTH DATA ELEMENTS--GENERAL INFORMATION
fixed length control field 160702b xxu||||| |||| 00| 0 eng d
100 ## - MAIN ENTRY--PERSONAL NAME
9 (RLIN) 1889
Personal name Mohindroo.k et.al
245 ## - TITLE STATEMENT
Title Empowering Science Class IX
260 ## - PUBLICATION, DISTRIBUTION, ETC. (IMPRINT)
Place of publication, distribution, etc. New Delhi
Name of publisher, distributor, etc. P.P..C
Date of publication, distribution, etc. 2011
Holdings
Withdrawn status Lost status Source of classification or shelving scheme Damaged status Not for loan Home library Current library Date acquired Total Checkouts Full call number Barcode Date last seen Date last checked out Price effective from Koha item type
    Dewey Decimal Classification     Good Samaritan School Library Good Samaritan School Library 07/02/2016 1 500 MOH9405 07/08/2016 07/02/2016 07/02/2016 BOOK

Powered by Koha